| 000 | 01471nam a22002657a 4500 | ||
|---|---|---|---|
| 005 | 20170124103207.0 | ||
| 010 | _aB-235135 | ||
| 020 |
_c200.00 _a8190167596 |
||
| 035 | _aB-235135 | ||
| 037 | _bCen Lib/Ret | ||
| 040 |
_aDPL _bHN |
||
| 082 |
_a954.13 _bभारत |
||
| 245 |
_aभारत के सांस्कृतिक केन्द्र : _cसंपादक वेद प्रकाश सोनी _bकाशी-वाराणसी / |
||
| 246 |
_aBharat ke sanskritik kendra : kashi-varanasi / _bsampadak Ved Prakash Soni |
||
| 260 |
_aदिल्ली _bअक्षरमाला साहित्य संस्थान _c2007 |
||
| 270 |
_aमकान नं० 29/32-बी, द्वितीय तल गली नं० 12, विश्वासनगर, शाहदरा _bदिल्ली _e110032 |
||
| 300 |
_a166पृ. : _c21सेमी(सजिल्द) _bरंगीन सचित्र |
||
| 500 | _aअनुक्रमणिका और सन्दर्भ शामिल | ||
| 650 |
_aवाराणसी का सांस्कृतिक सन्दर्भ _994311 |
||
| 650 |
_aधार्मिक स्थिति--वाराणसी _93552 |
||
| 650 |
_aVaranasi's cultural context _994312 |
||
| 650 |
_aReligious Status--Varanasi _994313 |
||
| 700 |
_aसोनी, वेद प्रकाश _964636 |
||
| 942 |
_2ddc _cHN _h954.13 _mभारत |
||
| 999 |
_c121070 _d121070 |
||